Últimos Campeões Capixaba (2026-1942) - Statistics

Estatísticas Gerais
  • Esse quiz foi jogado 10 vezes
  • A pontuação média é 66 de 85
Estatísticas das Respostas
Ano Campeão % Correto
2016 Desportiva
90%
2013 Desportiva
90%
2000 Desportiva
90%
1996 Desportiva
90%
1994 Desportiva
90%
1992 Desportiva
90%
1989 Desportiva
90%
1986 Desportiva
90%
1984 Desportiva
90%
1981 Desportiva
90%
1980 Desportiva
90%
1979 Desportiva
90%
1977 Desportiva
90%
1974 Desportiva
90%
1972 Desportiva
90%
1967 Desportiva
90%
1965 Desportiva
90%
1964 Desportiva
90%
2025 Rio Branco
90%
2024 Rio Branco
90%
2015 Rio Branco
90%
2010 Rio Branco
90%
1985 Rio Branco
90%
1983 Rio Branco
90%
1982 Rio Branco
90%
1978 Rio Branco
90%
1975 Rio Branco
90%
1973 Rio Branco
90%
1971 Rio Branco
90%
1970 Rio Branco
90%
1969 Rio Branco
90%
1968 Rio Branco
90%
1966 Rio branco
90%
1963 Rio Branco
90%
1962 Rio Branco
90%
1959 Rio Branco
90%
1958 Rio Branco
90%
1957 Rio Branco
90%
1951 Rio Branco
90%
1949 Rio Branco
90%
1947 Rio Branco
90%
1946 Rio Branco
90%
1945 Rio Branco
90%
1942 Rio Branco
90%
2018 Serra
90%
2008 Serra
90%
2005 Serra
90%
2004 Serra
90%
2003 Serra
90%
1999 Serra
90%
2019 Vitória
90%
2006 Vitória
90%
1976 Vitoria
90%
1956 Vitória
90%
1952 Vitória
90%
1950 Vitoria
90%
1943 Vitória
90%
2014 Estrela do Norte
80%
1990 Colatina
70%
2007 Linhares
70%
1998 Linhares
70%
1997 Linhares
70%
1995 Linhares
70%
1993 Linhares
70%
2026 Porto Vitoria
70%
2012 Aracruz
60%
2023 Real Noroeste
60%
2022 Real Noroeste
60%
2021 Real Noroeste
60%
2017 Atlético Itapemirim
50%
2011 São mateus
50%
2009 São mateus
50%
2002 Alegrense
40%
2001 Alegrense
40%
1948 Cachoeiro
40%
1987 Guarapari
40%
1988 Ibiraçu
40%
1991 Muniz Freire
40%
1961 Santo Antônio
40%
1960 Santo Antônio
40%
1955 Santo Antônio
40%
1954 Santo Antônio
40%
1953 Santo Antônio
40%
1944 Caxias
30%
2020 Rio Branco VN
30%
Nenhum quiz correspondente encontrado
Distribuição das Pontuações
Porcentagem de Pessoas com Cada Pontuação
Percentil de Números Respondidos
Sua Pontuação Histórica
Você não jogou esse quiz